000 00406nam a2200145Ia 4500
008 100122s9999 xx 000 0 und d
082 _b65657
_a823.08
100 _aदिवाण वृंदा
245 _aचढ उतार
260 _bअक्षता पब्लिकेशन
_c2004
300 _a208
630 _aचढ उतार
730 _aचढ उतार
942 _cBOOK
999 _c438580
_d438577